Missing Word: South American Cities Quiz Stats

 Plays Quiz Updated Jun 3, 2018

Challenge
Share
Tweet
Embed
Score 0/14 Timer 03:00
0 Plays Today
Hint Answer % Correct
Buenos _____Aires
98.6%
_____ de JaneiroRio
96.5%
_____ PauloSão
90.8%
_____ PazLa
89.9%
Mar _____ Platadel
64.3%
_____ AlegrePorto
50.5%
Belo _____Horizonte
50%
Hint Answer % Correct
Santa _____ de la SierraCruz
40.5%
San ____ de PastoJuan
28%
San Miguel de _____Tucumán
13.2%
____ MonttPuerto
11.8%
_____ GuayanaCiudad
9.3%
____ ReginaAnna
7.8%
Presidente ____Franco
3.1%

Today's Daily Dose

Missing Word
Biopics

Word Ladder
Food Idioms

Quick Pick
Diets

On This Day
December 18th II

You're not logged in!

Compare scores with friends on all Sporcle quizzes.
OR
Log In

You Might Also Like...

Show Comments

Extras

Top Quizzes Today


Score Distribution

Your Account Isn't Verified!

In order to create a playlist on Sporcle, you need to verify the email address you used during registration. Go to your Sporcle Settings to finish the process.

Report this User

Report this user for behavior that violates our Community Guidelines.

Details: